| 000 | 01327nam0a22003371 4500 | ||
|---|---|---|---|
| 001 | v19\rc\1871543 | ||
| 005 | 20251118180500.7 | ||
| 035 | _a(NLR Aleph) 004988073 | ||
| 090 |
_a6256084 _c6256084 |
||
| 100 | _a20080221d1910 u y0rusy50 ca | ||
| 101 | 0 | _arus | |
| 102 | _aRU | ||
| 105 | _ay z |||a| | ||
| 200 | 1 |
_aПокаяние царей _eМотив из жизни древней Индии _e[В стихах] _a[Бой на Ямуне и Багагаватгита _e(Мотив из "Магабгараты) _e[В стихах] _aДве поэмы и отрывки из индусских авторов] |
|
| 210 |
_aСанкт-Петербург _cтип. А.С. Суворина _d1910 |
||
| 215 |
_a238 с. _d21 |
||
| 225 | 1 |
_a[Сочинения] _fА.Н. Данилевский-Александров _vТ. 2 |
|
| 300 | _aНа тит. л.: Т. 2 | ||
| 540 | 1 | _aБой на Ямуне и Багагаватгита | |
| 700 | 1 |
_aДанилевский-Александров _bА.Н. |
|
| 790 | 1 |
_aАлександрова _bН. |
|
| 801 | 0 |
_aRU _bNLR _gpsbo |
|
| 801 | 0 |
_aRU _bRuMoRGB _2psbo |
|
| 801 | 1 |
_aRU _bProSoft-M _2rusmarc |
|
| 852 |
_aNLR _j38.80.4.146(т. 2) |
||
| 852 |
_aNLR _j130/7223(т. 2) |
||
| 899 |
_aRuMoRGB _jU 25/135 |
||
| 899 | _aБАН | ||
| 899 | _aГПИБ | ||
| 942 | _cBOOK | ||
| 980 | _aNB | ||